| 000 | 00618nam a2200181 i 4500 | ||
|---|---|---|---|
| 001 | 138713 | ||
| 003 | ES-MaACL | ||
| 005 | 20230906195623.0 | ||
| 007 | t| | ||
| 008 | 070214s1962 sp |||| | spa d | ||
| 245 | 0 | 3 |
_aEl santo de cada día / _cpor Edelvives. |
| 260 |
_aZaragoza : _bLuis Vives, _c1962. |
||
| 300 |
_a6 v. ; _c23 cm. |
||
| 505 | 8 | _aContiene: I. Enero-Febrero - II. Marzo-Abril - III. Mayo-Junio - IV. Julio-Agosto - V. Septiembre-Octubre - VI. Noviembre-Diciembre | |
| 650 | 4 |
_aSantos cristianos- _vCalendarios. _9165928 |
|
| 710 | 2 |
_aEditorial Luis Vives. _93445 |
|
| 852 |
_aES-MaACL _jC-23003-08 |
||
| 999 |
_c138713 _d138713 |
||